000 00535nam a2200205 i 4500
001 bgj
100 1 _aHESSE, Eva.
245 1 0 _aBeckett. Eliot. Pound :
_bdrei Textanalysen /
_cEva Hesse.
260 _aFrankfurt am Main :
_bSuhrkamp Verlag,
_c1971.
300 _a130, [1] s. ;
_c18 cm.
490 1 _aEdition Suhrkamp
_v491
650 9 _aLiteratura angielska
830 _aEdition Suhrkamp
040 _cBPK
041 0 _ager
044 _aDEU
080 _a821.111
942 _cKS
008 s gw f |000 0 ger
999 _c50246
_d50246
856 _uhttp://koha.tu.koszalin.pl/cgi-bin/koha/opac-detail.pl?biblionumber=50246
_yKatalog online BPK